Largest Cities in The German Empire 1900-1919 - Statistics

General Stats
  • This quiz has been taken 224 times
  • The average score is 43 of 60
Answer Stats
City 1900 Pop % Growth % Correct
Berlin 1,888,848 19.6
100%
Berlin 2,071,257 9.7
100%
Berlin 1,902,509 -8.1
100%
Hamburg 705,738 117.9
99%
Hamburg 931,035 31.9
99%
Hamburg 985,779 5.9
99%
Frankfurt am Main 288,989 60.6
98%
Frankfurt am Main 414,576 43.5
98%
Frankfurt am Main 433,002 4.4
98%
München 499,959 43.2
97%
München 596,467 19.3
97%
München 630,711 5.7
97%
Köln 372,229 32.1
92%
Köln 516,527 38.8
92%
Köln 644,206 24.7
92%
Dresden 396,146 43.3
90%
Dresden 548,308 38.4
90%
Dresden 529,326 -3.5
90%
Stuttgart 166,699 19.2
88%
Stuttgart 286,218 71.7
88%
Stuttgart 309,197 2.4
88%
Leipzig 456,156 54.6
87%
Leipzig 589,850 29.3
87%
Leipzig 604,397 2.5
87%
Bremen 161,184 28.2
84%
Bremen 247,437 53.5
84%
Düsseldorf 213,711 47.8
84%
Düsseldorf 358,728 67.9
84%
Düsseldorf 407,338 13.6
84%
Hanover 235,666 44.1
80%
Hanover 302,375 28.3
80%
Hanover 310,431 7.5
80%
Danzig 335,921 97.2
73%
Dortmund 295,026 4.1
72%
Nürnberg 261,081 83.1
72%
Nürnberg 333,142 27.6
72%
Nürnberg 352,675 5.9
72%
Breslau 422,709 26.1
71%
Breslau 512,105 21.1
71%
Breslau 528,260 3.2
71%
Essen 294,653 147.9
68%
Essen 439,257 49.1
68%
Königsberg 189,483 17.2
66%
Königsberg 245,994 29.8
66%
Königsberg 260,895 9.6
66%
Stettin 210,702 81.3
54%
Stettin 236,113 12.1
54%
Magdeburg 229,667 13.6
43%
Magdeburg 279,176 21.6
43%
Magdeburg 285,147 25.1
43%
Chemnitz 206,913 48.9
35%
Chemnitz 287,807 39.1
35%
Chemnitz 311,037 3.0
35%
Charlottenburg 305,978
24%
Charlottenburg 322,766 5.5
24%
Altona 161,501 12.7
14%
Halle an der Saale 156,609 54.4
11%
Elberfeld 156,966 24.7
10%
Neukölln 262,127 -7.2
8%
Rixdorf 237,289 196.6
8%
No matching quizzes found
Score Distribution
Percent of People with Each Score
Percentile by Number Answered
Your Score History
You have not taken this quiz